000 00305nam a22001337a 4500
008 181105b xxu||||| |||| 00| 0 eng d
020 _a9780072845822
041 _aeng
080 _a316
100 _a50
101 _aSOC
245 _aSocial Policy for Effective Practice
_cChapin, R
942 _2udc
_cBK
999 _c51911
_d51911